000 00247nam a22001217a 4500
003 SGT
082 _bDAS
100 _aDAS, P.C.
245 _aMANURES AND FERTILIZERS
260 _bKALYANI PUBLICATION
_c2018
300 _a269
942 _2ddc
_cBK
_032
999 _c15413
_d15413